[Event "South America-ch U14 16th"]
[Site "Buenos Aires"]
[Date "2019.12.04"]
[Round "5.6"]
[White "Gutierrez Reich, Francisco"]
[Black "Farhat, Francisco"]
[Result "1/2-1/2"]
[WhiteElo "1883"]
[BlackElo "1715"]
[PlyCount "111"]
[EventDate "2019.12.01"]
[EventType "swiss"]
[EventRounds "9"]
[EventCountry "ARG"]
[SourceTitle "EXT 2024"]
[Source "ChessBase"]
[SourceDate "2023.10.10"]
[SourceVersion "1"]
[SourceVersionDate "2023.10.10"]
[SourceQuality "1"]

1. Nf3 Nf6 2. g3 d5 3. Bg2 c5 4. 0-0 Nc6 5. d3 g6 6. Nbd2 Bg7 7. e4 0-0 8. Re1 Re8 9. c3 d4 10. c4 e5 11. Nf1 h6 12. h3 a6 13. N3h2 b5 14. b3 bxc4 15. bxc4 Rb8 16. f4 Qa5 17. Nf3 Qc3 18. Bd2 Qxd3 19. fxe5 Nd7 20. Qa4 Re6 21. Rad1 Nb6 22. Qb3 Qxc4 23. Qxc4 Nxc4 24. Rc1 N4xe5 25. Nxe5 Nxe5 26. Bf4 Rb2 27. Rxc5 Bb7 28. Rd1 Rxa2 29. Rc7 Rb6 30. Re7 Rbb2 31. Bh1 Nc6 32. Re8+ Kh7 33. Nd2 g5 34. Nc4 Rb4 35. e5 Na5 36. Nxa5 Bxh1 37. Kxh1 Rxa5 38. Bd2 Rab5 39. Bxb4 Rxb4 40. Re7 Kg6 41. e6 Bf6 42. Rxf7 Rb6 43. Ra7 Rxe6 44. Kg2 h5 45. Ra1 d3 46. Rd1 Re2+ 47. Kf3 Rh2 48. Rxd3 Ra2 49. Rd6 Ra3+ 50. Ke4 Ra4+ 51. Kf3 Ra3+ 52. Ke4 Rxg3 53. Raxa6 Rf3 54. Kd5 Rf1 55. Ke4 g4 56. hxg4 1/2-1/2

[Event "South America-ch U14 16th"]
[Site "Buenos Aires"]
[Date "2019.12.01"]
[Round "1.9"]
[White "Gutierrez Reich, Francisco"]
[Black "De Singlau, Lautaro"]
[Result "0-1"]
[WhiteElo "1883"]
[BlackElo "1455"]
[PlyCount "80"]
[EventDate "2019.12.01"]
[EventType "swiss"]
[EventRounds "9"]
[EventCountry "ARG"]
[SourceTitle "EXT 2024"]
[Source "ChessBase"]
[SourceDate "2023.10.10"]
[SourceVersion "1"]
[SourceVersionDate "2023.10.10"]
[SourceQuality "1"]

1. e4 c5 2. Nf3 Nc6 3. d4 cxd4 4. Nxd4 g6 5. g3 Bg7 6. Ne2 Nf6 7. Bg2 d6 8. h3 Bd7 9. 0-0 0-0 10. Nbc3 Rc8 11. b3 a6 12. a4 Nb4 13. Bb2 Bc6 14. Nd4 Bd7 15. Rc1 Rxc3 16. Bxc3 Na2 17. Qf3 Qc8 18. Rce1 Qxc3 19. Qxc3 Nxc3 20. e5 Nfd5 21. f4 dxe5 22. fxe5 e6 23. Rf3 Rc8 24. Ref1 Be8 25. Re1 Bh6 26. Rd3 Bf8 27. Kf1 Bc5 28. Ne2 Ne3+ 29. Rxe3 Bxe3 30. Bxb7 Rc7 31. Bxa6 Ne4 32. Kg2 Bc6 33. Kf3 Bd2 34. Rf1 Nc5+ 35. Kg4 Nxa6 36. Nd4 Be4 37. Rd1 Be3 38. Nb5 h5+ 39. Kh4 g5+ 40. Kxh5 Bf3+ 0-1

[Event "ARG-ch sf Amateur U2000/2300"]
[Site "Cosquin"]
[Date "2019.07.28"]
[Round "4.2"]
[White "Jesse, Jose"]
[Black "Gutierrez Reich, Francisco"]
[Result "0-1"]
[WhiteElo "1892"]
[BlackElo "1719"]
[PlyCount "91"]
[EventDate "2019.07.27"]
[EventType "swiss"]
[EventRounds "6"]
[EventCountry "ARG"]
[SourceTitle "EXT 2024"]
[Source "ChessBase"]
[SourceDate "2023.10.10"]
[SourceVersion "1"]
[SourceVersionDate "2023.10.10"]
[SourceQuality "1"]

1. e4 d6 2. d4 g6 3. Nc3 Bg7 4. Be3 Nc6 5. Nf3 Bg4 6. Be2 e5 7. dxe5 Bxf3 8. Bxf3 Nxe5 9. Be2 Ne7 10. f4 N5c6 11. 0-0 f5 12. Qd2 0-0 13. Bf3 Kh8 14. Rad1 fxe4 15. Bxe4 Nf5 16. Bf2 Qd7 17. Kh1 Rae8 18. Bd3 Ncd4 19. Ne2 Nxe2 20. Bxe2 d5 21. Bf3 c6 22. b3 Qc7 23. Rfe1 a6 24. Bc5 Rg8 25. g4 Nd6 26. Rxe8 Rxe8 27. Re1 Qd7 28. Rxe8+ Nxe8 29. Qe2 Nc7 30. Qe7 Qxe7 31. Bxe7 Kg8 32. f5 Kf7 33. Bd8 Nb5 34. fxg6+ hxg6 35. Kg2 Nd4 36. Bd1 Ke6 37. Bb6 Ke5 38. Kg3 Ke4 39. Bc7 Ne6 40. Ba5 Be5+ 41. Kg2 Nf4+ 42. Kh1 Nh3 43. Be1 Ke3 44. Kg2 Nf4+ 45. Kh1 Nh3 46. Ba5 0-1

[Event "South America prel U14/18"]
[Site "Villa Giardino"]
[Date "2018.11.08"]
[Round "2.2"]
[White "Gutierrez Reich, Francisco"]
[Black "Marconi, Nicolas"]
[Result "1/2-1/2"]
[WhiteElo "1664"]
[BlackElo "1723"]
[PlyCount "126"]
[EventDate "2018.11.08"]
[EventType "swiss"]
[EventRounds "5"]
[EventCountry "ARG"]
[SourceTitle "EXT 2024"]
[Source "ChessBase"]
[SourceDate "2023.10.10"]
[SourceVersion "1"]
[SourceVersionDate "2023.10.10"]
[SourceQuality "1"]

1. e4 c5 2. Nf3 e6 3. g3 g6 4. Bg2 Bg7 5. 0-0 Nc6 6. d3 Nge7 7. c3 d5 8. Qe2 Qc7 9. Na3 a6 10. Nc2 0-0 11. Bf4 e5 12. Bg5 f6 13. Be3 d4 14. cxd4 cxd4 15. Bd2 Be6 16. a3 Na5 17. Bxa5 Qxa5 18. Rac1 Nc6 19. Nd2 Bh6 20. Rcd1 b5 21. Na1 Qa4 22. Rc1 Rac8 23. Qd1 Na5 24. b4 Rxc1 25. Qxc1 Rc8 26. Qb2 Bxd2 27. Qxd2 Nb3 28. Nxb3 Qxb3 29. Ra1 Rc2 30. Qd1 Qc3 31. Bf1 Ba2 32. h3 Bb3 33. Qb1 Rb2 34. Qc1 Ba2 35. h4 Rc2 36. Qd1 Qb2 37. f3 Bb3 38. Qe1 Qc3 39. Qb1 Kg7 40. Qe1 Qxe1 41. Rxe1 Rc3 42. Rb1 Kf7 43. Kf2 Be6 44. Ra1 f5 45. Ke1 fxe4 46. fxe4 Ke7 47. Kd2 Kd6 48. Be2 Bb3 49. Rc1 Rxc1 50. Kxc1 Be6 51. Kb2 Kc6 52. Kc2 Kb6 53. Kb2 a5 54. Kc2 h5 55. Kb2 a4 56. Bd1 Bh3 57. Be2 Kc6 58. Kc1 Kd6 59. Kd2 Ke6 60. Ke1 Kf6 61. Kf2 Be6 62. Bd1 Bh3 63. Ke1 Bd7 1/2-1/2

[Event "ARG-ch sf U2300 Collo Memorial"]
[Site "Murphy"]
[Date "2018.06.09"]
[Round "2.4"]
[White "Gutierrez Reich, Francisco"]
[Black "Risso, Fernando"]
[Result "1-0"]
[WhiteElo "1694"]
[BlackElo "1819"]
[PlyCount "169"]
[EventDate "2018.06.09"]
[EventType "swiss"]
[EventRounds "6"]
[EventCountry "ARG"]
[SourceTitle "EXT 2024"]
[Source "ChessBase"]
[SourceDate "2023.10.10"]
[SourceVersion "1"]
[SourceVersionDate "2023.10.10"]
[SourceQuality "1"]

1. e4 c5 2. Nf3 e6 3. g3 Nc6 4. Bg2 Nf6 5. d3 d5 6. e5 Nd7 7. Qe2 Be7 8. 0-0 0-0 9. c3 d4 10. Re1 Rb8 11. Nbd2 b5 12. cxd4 cxd4 13. Nb3 Qb6 14. Qe4 Bb7 15. Qe2 a5 16. Bf4 a4 17. Nbd2 Nb4 18. Nf1 Rbc8 19. Red1 Rc2 20. Rd2 Rfc8 21. a3 Rxd2 22. N1xd2 Nd5 23. Bg5 Bxg5 24. Nxg5 h6 25. Ngf3 Rc2 26. Rb1 b4 27. Qd1 b3 28. Nc4 Qc7 29. Nxd4 Rxf2 30. Kxf2 Qc5 31. Qg4 N7b6 32. Nxb6 Qxb6 33. Bxd5 Bxd5 34. Ke1 Qc7 35. Qf4 g5 36. Qe3 Ba8 37. Rc1 Qb7 38. Nc6 Qb5 39. Qc5 Qxd3 40. Qd4 Qa6 41. Qd8+ Kh7 42. Qd7 Kg7 43. Qa7 Qd3 44. Qd4 Qf3 45. Qc4 Bxc6 46. Qxc6 Qe3+ 47. Kf1 Qd3+ 48. Kf2 Qd2+ 49. Kf3 Qxh2 50. Qe4 Qxb2 51. Qb1 Qxa3 52. Rc3 Qb4 53. Qb2 g4+ 54. Ke3 Qb6+ 55. Kd3 Qb5+ 56. Kd2 Qd5+ 57. Rd3 Qa5+ 58. Qc3 Qa7 59. Qd4 Qa5+ 60. Qc3 Qa8 61. Rd4 Qg2+ 62. Kc1 h5 63. Rxa4 Qf1+ 64. Kb2 Qe2+ 65. Ka3 Qa2+ 66. Kb4 Qb1 67. Qxb3 Qe4+ 68. Ka3 Qe1 69. Ka2 Qf2+ 70. Ka3 Qc5+ 71. Qb4 Qe3+ 72. Qb3 Qc5+ 73. Rb4 Qg1 74. Qc3 Qg2 75. Qe3 Kg6 76. Rb8 Qh1 77. Rg8+ Kh7 78. Rg5 Qa1+ 79. Kb4 Qb2+ 80. Kc5 Qc2+ 81. Kd6 Qd1+ 82. Ke7 Qh1 83. Qf4 Qb7+ 84. Kf6 Qb6 85. Rg7+ 1-0

[Event "ARG-ch U14"]
[Site "Villa Martelli"]
[Date "2018.02.10"]
[Round "4.3"]
[White "Gutierrez Reich, Francisco"]
[Black "Aguilar Samper, Valentin"]
[Result "0-1"]
[WhiteElo "1581"]
[BlackElo "1810"]
[PlyCount "62"]
[EventDate "2018.02.09"]
[EventType "swiss"]
[EventRounds "9"]
[EventCountry "ARG"]
[SourceTitle "EXT 2024"]
[Source "ChessBase"]
[SourceDate "2023.10.10"]
[SourceVersion "1"]
[SourceVersionDate "2023.10.10"]
[SourceQuality "1"]

1. e4 Nf6 2. d3 e5 3. Nf3 Nc6 4. g3 d5 5. Qe2 dxe4 6. dxe4 Bg4 7. c3 Bc5 8. Bg2 Qe7 9. h3 Bh5 10. 0-0 0-0 11. Nbd2 Rad8 12. Re1 Rd7 13. g4 Bg6 14. Nh4 Rfd8 15. Nf5 Qe6 16. Nf1 h5 17. N1g3 hxg4 18. hxg4 a5 19. Bg5 Ne7 20. Bxf6 Qxf6 21. Rad1 Qb6 22. Nxe7+ Bxe7 23. Rxd7 Rxd7 24. Nf5 Bg5 25. Ne3 Bxe3 26. fxe3 Qc6 27. Qc2 Qe6 28. Qe2 Qxa2 29. Qb5 Qe6 30. Qxa5 Qxg4 31. Qxe5 Rd2 0-1

[Event "ARG-ch sf U1700 Villa Maria 2nd"]
[Site "Villa Maria"]
[Date "2017.04.22"]
[Round "1.1"]
[White "Gutierrez Reich, Francisco"]
[Black "Allasia, Jesus"]
[Result "0-1"]
[WhiteElo "1451"]
[BlackElo "1671"]
[PlyCount "78"]
[EventDate "2017.04.22"]
[EventType "swiss"]
[EventRounds "6"]
[EventCountry "ARG"]
[SourceTitle "EXT 2024"]
[Source "ChessBase"]
[SourceDate "2023.10.10"]
[SourceVersion "1"]
[SourceVersionDate "2023.10.10"]
[SourceQuality "1"]

1. e4 c5 2. Nc3 d6 3. g3 Nc6 4. Bg2 g6 5. f4 Bg7 6. Nf3 Nf6 7. 0-0 0-0 8. d3 Bg4 9. h3 Bd7 10. Be3 a6 11. g4 e6 12. Qe1 Qb6 13. Rb1 Nb4 14. Qf2 Rac8 15. a3 Nc6 16. e5 Nd5 17. Nxd5 exd5 18. b4 d4 19. bxc5 dxe3 20. Qxe3 Qxc5 21. Qxc5 dxc5 22. Rxb7 Rfd8 23. Rb6 Nd4 24. Nxd4 cxd4 25. Rc1 Bb5 26. Be4 Rc3 27. a4 Bxa4 28. Rxa6 Bxc2 29. Ra2 Bxd3 30. Rxc3 dxc3 31. Bxd3 Rxd3 32. Rc2 Rxh3 33. Kg2 Rd3 34. Kf2 Bf8 35. Ke2 Rh3 36. Rc1 Ba3 37. Rc2 Rh2+ 38. Kd1 Rxc2 39. Kxc2 Bb2 0-1

[Event "Pan American-ch U12 27th"]
[Site "Montevideo"]
[Date "2016.07.27"]
[Round "4"]
[White "Flores Sanchez, Carlo"]
[Black "Gutierrez Reich, Francisco"]
[Result "1/2-1/2"]
[WhiteElo "1435"]
[BlackElo "1564"]
[PlyCount "102"]
[EventDate "2016.07.25"]
[EventType "swiss"]
[EventRounds "9"]
[EventCountry "URU"]
[SourceTitle "EXT 2017"]
[Source "ChessBase"]
[SourceDate "2016.10.25"]
[SourceVersion "1"]
[SourceVersionDate "2016.10.25"]
[SourceQuality "1"]

1. d4 d5 2. Nf3 e6 3. b3 f5 4. Bb2 Nf6 5. Nbd2 Nbd7 6. e3 c6 7. Bd3 Bd6 8. Ne5 Bxe5 9. dxe5 Ne4 10. 0-0 0-0 11. f3 Nxd2 12. Qxd2 Qc7 13. f4 Re8 14. Rf3 Nc5 15. Rh3 Ne4 16. Bxe4 fxe4 17. Qe2 g6 18. Qg4 Qf7 19. Qe2 Bd7 20. c4 Rad8 21. Rd1 a6 22. Kh1 Bc8 23. Bd4 Re7 24. Bb6 Rde8 25. Bc5 Rd7 26. Bd6 Red8 27. c5 Qe8 28. g4 Qf7 29. Rf1 Re8 30. Qf2 Rdd8 31. Rg3 Kh8 32. h4 Rg8 33. Qh2 Bd7 34. Rg2 Rde8 35. Qh3 Rd8 36. Rfg1 Rde8 37. h5 gxh5 38. Qxh5 Qxh5+ 39. gxh5 Rxg2 40. Rxg2 Rg8 41. Rg5 Rxg5 42. fxg5 Kg7 43. Be7 Be8 44. h6+ Kg6 45. Kh2 Kf5 46. Bf6 Kg4 47. Kg2 Bh5 48. a4 Bg6 49. a5 Bh5 50. b4 Bg6 51. Bg7 Kxg5 1/2-1/2

[Event "ARG-ch U12 m"]
[Site "Villa Giardino"]
[Date "2016.05.25"]
[Round "9.4"]
[White "Cidre, Valentino"]
[Black "Gutierrez Reich, Francisco"]
[Result "1-0"]
[WhiteElo "1687"]
[BlackElo "1527"]
[PlyCount "117"]
[EventDate "2016.05.21"]
[EventType "tourn"]
[EventRounds "9"]
[EventCountry "ARG"]
[SourceTitle "EXT 2024"]
[Source "ChessBase"]
[SourceDate "2023.10.10"]
[SourceVersion "1"]
[SourceVersionDate "2023.10.10"]
[SourceQuality "1"]

1. e4 d6 2. d4 Nf6 3. Nc3 g6 4. f3 Bg7 5. Be3 0-0 6. Qd2 c6 7. g4 b5 8. a3 a5 9. h4 h5 10. Bh6 Nbd7 11. Bxg7 Kxg7 12. Be2 Qc7 13. g5 Ne8 14. d5 Ba6 15. dxc6 Qxc6 16. Qd4+ Kh7 17. Qd5 Qxd5 18. Nxd5 e6 19. Ne3 Nc5 20. b4 axb4 21. axb4 Nc7 22. bxc5 dxc5 23. Nh3 Rad8 24. Rd1 Rfe8 25. Nf2 Kg7 26. Nd3 c4 27. Nb4 f5 28. gxf6+ Kxf6 29. Nc6 Rxd1+ 30. Nxd1 Bb7 31. Nb4 Ra8 32. Rg1 Ra4 33. c3 Na6 34. Nxa6 Bxa6 35. Kf2 Ra2 36. Ke3 e5 37. Rg2 Rc2 38. f4 exf4+ 39. Kxf4 b4 40. e5+ Ke7 41. cxb4 c3 42. Nxc3 Rxc3 43. Bxa6 Rb3 44. b5 Rb4+ 45. Kg5 Re4 46. Kxg6 Rxe5 47. Rg5 Re6+ 48. Kxh5 Re4 49. b6 Rb4 50. Rb5 Rxb5+ 51. Bxb5 Kd8 52. Kg6 Kc8 53. Ba6+ Kd7 54. b7 Kc7 55. Kf7 Kb8 56. h5 Ka7 57. h6 Kb8 58. h7 Ka7 59. h8Q 1-0

[Event "ARG-ch U12 m"]
[Site "Villa Giardino"]
[Date "2016.05.24"]
[Round "8.3"]
[White "Gutierrez Reich, Francisco"]
[Black "Ruiz, Joaquin Marcelo"]
[Result "0-1"]
[WhiteElo "1527"]
[BlackElo "1434"]
[PlyCount "140"]
[EventDate "2016.05.21"]
[EventType "tourn"]
[EventRounds "9"]
[EventCountry "ARG"]
[SourceTitle "EXT 2024"]
[Source "ChessBase"]
[SourceDate "2023.10.10"]
[SourceVersion "1"]
[SourceVersionDate "2023.10.10"]
[SourceQuality "1"]

1. e4 e5 2. d4 exd4 3. Bc4 Nc6 4. Nf3 h6 5. 0-0 Bc5 6. c3 d3 7. Qxd3 Nge7 8. Bxf7+ Kxf7 9. Qc4+ d5 10. Qxc5 dxe4 11. Ne5+ Kf6 12. Nxc6 Nxc6 13. f3 exf3 14. Rxf3+ Kg6 15. Qf2 Qd1+ 16. Qf1 Qxf1+ 17. Rxf1 Bf5 18. Bf4 Rac8 19. Nd2 Ne7 20. Nf3 Kf6 21. Be5+ Kg6 22. Rae1 Bd3 23. Rf2 Nc6 24. Bg3 Bc4 25. b3 Bd5 26. Ne5+ Nxe5 27. Rxe5 Rhd8 28. c4 Bg8 29. h4 Rd7 30. Rf4 Rcd8 31. Rg4+ Kh7 32. Bf4 Rd1+ 33. Kh2 R8d7 34. Re2 c6 35. h5 Bf7 36. Be5 Bxh5 37. Ree4 Bxg4 38. Rxg4 R1d2 39. Kh3 Rxa2 40. Rg3 Rad2 41. Kg4 R2d3 42. Rf3 Rxf3 43. gxf3 Rd3 44. b4 Rb3 45. Bd6 Rc3 46. f4 Rxc4 47. Kf3 Rd4 48. Bc5 Rc4 49. Ke3 Kg6 50. Bd6 Kf5 51. Kf3 g5 52. fxg5 hxg5 53. Bc5 Rxc5 54. bxc5 Ke5 55. Ke3 Kd5 56. Kf3 Kxc5 57. Kg4 a5 58. Kxg5 a4 59. Kf4 a3 60. Ke4 a2 61. Ke3 a1Q 62. Ke2 Qc3 63. Kf2 b5 64. Ke2 b4 65. Kf2 b3 66. Ke2 b2 67. Kf2 b1R 68. Ke2 Rb2+ 69. Kd1 Qc2+ 70. Ke1 Rb1# 0-1

[Event "ARG-ch U12 m"]
[Site "Villa Giardino"]
[Date "2016.05.22"]
[Round "3.1"]
[White "Gutierrez Reich, Francisco"]
[Black "Grospietro, Patricio Alejandro"]
[Result "1-0"]
[WhiteElo "1527"]
[BlackElo "1381"]
[PlyCount "69"]
[EventDate "2016.05.21"]
[EventType "tourn"]
[EventRounds "9"]
[EventCountry "ARG"]
[SourceTitle "EXT 2024"]
[Source "ChessBase"]
[SourceDate "2023.10.10"]
[SourceVersion "1"]
[SourceVersionDate "2023.10.10"]
[SourceQuality "1"]

1. e4 e6 2. d3 d5 3. Nd2 c5 4. g3 Nf6 5. Bg2 Be7 6. f4 Nc6 7. Ngf3 b6 8. e5 Nd7 9. 0-0 Bb7 10. Re1 Qc7 11. h3 h6 12. Qe2 0-0-0 13. a3 Rdg8 14. c3 g5 15. Nf1 gxf4 16. Bxf4 Bg5 17. Bxg5 hxg5 18. g4 Rg6 19. b4 Kb8 20. N1d2 b5 21. Nb3 c4 22. dxc4 bxc4 23. Nbd2 Qb6+ 24. Kh1 a5 25. Rab1 a4 26. Qd1 Qb5 27. Qc2 Na7 28. Nd4 Qa6 29. b5 Qb6 30. Qxa4 Nc5 31. Qc2 Nd3 32. Rf1 Qc7 33. b6 Qxe5 34. bxa7+ Kxa7 35. Rxf7 1-0

[Event "ARG-ch U12 m"]
[Site "Villa Giardino"]
[Date "2016.05.22"]
[Round "4.5"]
[White "Gutierrez Reich, Francisco"]
[Black "Zandrino, Faustino"]
[Result "1-0"]
[WhiteElo "1527"]
[BlackElo "1422"]
[PlyCount "69"]
[EventDate "2016.05.21"]
[EventType "tourn"]
[EventRounds "9"]
[EventCountry "ARG"]
[SourceTitle "EXT 2024"]
[Source "ChessBase"]
[SourceDate "2023.10.10"]
[SourceVersion "1"]
[SourceVersionDate "2023.10.10"]
[SourceQuality "1"]

1. e4 e5 2. d4 exd4 3. Bc4 Nc6 4. Nf3 h6 5. 0-0 Bc5 6. c3 dxc3 7. Bxf7+ Kxf7 8. Qd5+ Ke8 9. Qxc5 cxb2 10. Bxb2 Qe7 11. Qh5+ Qf7 12. Qh4 Qe7 13. Qg3 d6 14. Bxg7 Rh7 15. Qg6+ Qf7 16. Qxh7 Nce7 17. Nc3 Ng6 18. Nb5 Bg4 19. Nxc7+ Kd7 20. Nxa8 Nf8 21. Qh8 Ng6 22. Rac1 Qxa2 23. Qh7 N6e7 24. Bf6 Qe6 25. Bxe7 Nxe7 26. Rc7+ Ke8 27. Qh8+ Kf7 28. Qc3 Kg6 29. Nh4+ Kf7 30. Qc4 Qxc4 31. Rxc4 Be2 32. Rfc1 Bxc4 33. Rxc4 d5 34. Rc7 dxe4 35. Nf5 1-0

[Event "ARG-ch U12 m"]
[Site "Villa Giardino"]
[Date "2016.05.21"]
[Round "2.5"]
[White "Heredia, Valentin"]
[Black "Gutierrez Reich, Francisco"]
[Result "1-0"]
[WhiteElo "1679"]
[BlackElo "1527"]
[PlyCount "67"]
[EventDate "2016.05.21"]
[EventType "tourn"]
[EventRounds "9"]
[EventCountry "ARG"]
[SourceTitle "EXT 2024"]
[Source "ChessBase"]
[SourceDate "2023.10.10"]
[SourceVersion "1"]
[SourceVersionDate "2023.10.10"]
[SourceQuality "1"]

1. d4 d5 2. Nf3 e6 3. g3 f5 4. Bg2 Nf6 5. 0-0 Bd6 6. c4 c6 7. Nc3 0-0 8. Qb3 Nbd7 9. Ng5 Qe7 10. cxd5 exd5 11. e4 Nxe4 12. Ngxe4 fxe4 13. Nxe4 h6 14. Bd2 Kh8 15. Nxd6 Qxd6 16. Bb4 c5 17. dxc5 Nxc5 18. Bxc5 Qxc5 19. Rac1 Qd6 20. Bxd5 Rb8 21. Rfd1 Qf6 22. Qe3 Bg4 23. Rd2 b6 24. Bg2 Rbe8 25. Qa3 Re7 26. h3 Re2 27. Rxe2 Bxe2 28. Qe3 Qxb2 29. Rc7 Qxa2 30. Qe7 Rg8 31. Rxa7 Qb1+ 32. Kh2 Qb2 33. Bd5 Bb5 34. Ra2 1-0